000 00278nam a22001097a 4500
008 230626b xxu||||| |||| 00| 0 eng d
082 _a338
_bUNDP 2004
245 _aKenya Development Corporation Report 2003
260 _aKenya
_bUNDP
_c2004
300 _aVIII,57p
942 _2ddc
_cBK
999 _c2755
_d2755